000 00503nam a2200181Ia 4500
005 20250923144319.0
008 008 250917s9999 xx 000 0 eng d
037 _aTextual
040 _aDSWL
_beng
_cDSWL
041 _aeng
_2eng
084 _aV1:2:9Z, F5
_qDSWL
100 _aChalmers
_9823553
245 0 _aOutlines in constutional law
_cby Chalmers
260 _aLondon
_c1925
700 _a Asquith
_9823554
942 _cTEXL
_hV1:2:9Z, F5
999 _c1437327
_d1437327